000 00223 a2200097 4500
001 33576
100 _aLeach,Robert
245 _aUnderstanding Finance
260 _aLondon
_bMercury Business Book
_c
090 _c22348
_d22348
942 _aNUST-CAE
_cM
_c13723
999 _c268649
_d268649